000 00448 a2200133 4500
001 ART_41267
005 20260410162005.0
008 260409a
245 1 0 _aIncidencia y aspectos destacados de los derechos reales en la comunidad hereditaria
100 1 _aTanzi, Silvia Y.
700 1 _aCorna, Pablo M.
700 1 _aFossaceca, Carlos Alberto (h)
773 0 _tTemas de derecho civil
_g- Año 3, Nº 3 (mar. 2017)
_wREV34778
999 _c31667
_d31667